Business economics / (Record no. 126103)

MARC details
000 -LEADER
fixed length control field 00632nam a22002297a 4500
005 - DATE AND TIME OF LATEST TRANSACTION
control field 20170124110004.0
010 ## - LIBRARY OF CONGRESS CONTROL NUMBER
LC control number A-579785
020 ## - INTERNATIONAL STANDARD BOOK NUMBER
Terms of availability 50.00
035 ## - SYSTEM CONTROL NUMBER
System control number A-579785
037 ## - SOURCE OF ACQUISITION
Source of stock number/acquisition Cen Lib/Ret
040 ## - CATALOGING SOURCE
Original cataloging agency DPL
Language of cataloging EN
082 ## - DEWEY DECIMAL CLASSIFICATION NUMBER
Classification number 330
Item number DHI
100 ## - MAIN ENTRY--PERSONAL NAME
Personal name Dhira, I.C.
9 (RLIN) 16575
245 ## - TITLE STATEMENT
Title Business economics /
Statement of responsibility, etc by I.C. Dhingra
260 ## - PUBLICATION, DISTRIBUTION, ETC. (IMPRINT)
Place of publication, distribution, etc New Delhi
Name of publisher, distributor, etc Sultan Chand & Sons
Date of publication, distribution, etc 1992
270 ## - ADDRESS
Address 23, dariya ganj
City New Delhi
Postal code 110002
300 ## - PHYSICAL DESCRIPTION
Extent ix, 426p.
Dimensions 21cm(Hb)
500 ## - GENERAL NOTE
General note includes appendix
650 ## - SUBJECT ADDED ENTRY--TOPICAL TERM
Topical term or geographic name as entry element Business
9 (RLIN) 8513
650 ## - SUBJECT ADDED ENTRY--TOPICAL TERM
Topical term or geographic name as entry element Economic environment
9 (RLIN) 16576
942 ## - ADDED ENTRY ELEMENTS (KOHA)
Source of classification or shelving scheme Dewey Decimal Classification
Koha item type English Books
Classification part 330
Call number suffix DHI
Holdings
Withdrawn status Lost status Damaged status Not for loan Home library Current library Date acquired Source of acquisition Cost, normal purchase price Total Checkouts Total Renewals Full call number Barcode Date last seen Date checked out Copy number Cost, replacement price Price effective from Koha item type
        Central Library Central Library 24/06/2015 Cen Lib/Ret 50.00 2 2 330 DHI A-579785 06/02/2021 29/12/2020 1 50.00 24/06/2015 English Books

© Delhi Public Library
Hit Counter
free hit counter